Future of space science in Bangladesh; Научная инициатива иностранных студентов и аспирантов российских вузов

Bibliografiske detaljer
Parent link:Научная инициатива иностранных студентов и аспирантов российских вузов.— 2011.— [С. 289-291]
Hovedforfatter: Sharifuzzaman Md.
Andre forfattere: Ikkoh Funaki (научный руководитель)
Summary:Заглавие с экрана.
Электронная версия печатной публикации
Sprog:engelsk
Udgivet: 2011
Fag:
Online adgang:http://www.lib.tpu.ru/fulltext/v/Conferences/2011/K04/114076.pdf
Format: MixedMaterials Electronisk Book Chapter
KOHA link:https://koha.lib.tpu.ru/cgi-bin/koha/opac-detail.pl?biblionumber=213999

MARC

LEADER 00000naa2a2200000 4500
001 213999
005 20260114140146.0
035 |a (RuTPU)RU\TPU\book\233847 
035 |a RU\TPU\book\231990 
090 |a 213999 
100 |a 20120419d2011 k y0rusy50 ca 
101 0 |a eng 
102 |a RU 
135 |a drnn ---uucaa 
181 0 |a i  
182 0 |a b 
200 1 |a Future of space science in Bangladesh  |f Md. Sharifuzzaman  |g науч. рук. Ikkoh Funaki 
203 |a Текст  |c электронный 
215 |a 1 файл (388 Кб) 
300 |a Заглавие с экрана. 
300 |a Электронная версия печатной публикации 
337 |a Adobe Reader 
463 1 |0 (RuTPU)RU\TPU\book\227679  |t Научная инициатива иностранных студентов и аспирантов российских вузов  |o сборник докладов IV Всероссийской научно-практической конференции, Томск, 19-21 мая 2011 г.  |f Ассоциация иностранных студентов в России (АИС) ; Национальный исследовательский Томский политехнический университет (ТПУ), Институт международного образования и языковой коммуникации (ИМОЯК)  |v [С. 289-291]  |d 2011 
610 1 |a космические исследования 
610 1 |a астрономия 
610 1 |a исследование 
610 1 |a Бангладеш 
610 1 |a электронный ресурс 
700 1 |a Sharifuzzaman  |b Md. 
702 0 |a Ikkoh Funaki  |4 727 
801 1 |a RU  |b 63413507  |c 20120301 
801 2 |a RU  |b 63413507  |c 20170215  |g RCR 
856 4 |u http://www.lib.tpu.ru/fulltext/v/Conferences/2011/K04/114076.pdf 
942 |c CF